LEADER 01354nam 2200373 n 450 001 996387431003316 005 20221108074636.0 035 $a(CKB)1000000000628610 035 $a(EEBO)2240866546 035 $a(UnM)99841390 035 $a(EXLCZ)991000000000628610 100 $a19910329d1589 uy | 101 0 $aeng 135 $aurbn||||a|bb| 200 02$aA pensive mans practise$b[electronic resource] $eVerie profitable for all persons, wherein are conteined verie deuout and necessarie praiers for sundrie godly purposes, with requisite perswasions before euerie praier. VVritten by I. Norden 210 $aLondon $cPrinted [by R. Robinson] for Hugh Singleton$d1589 215 $a[32], 262 [i.e. 272], [6] p 300 $aPrinter's name from STC. 300 $aWith an index. 300 $aPage numbers 55-64 are repeated in page numbering. 300 $aImperfect; lacks pages 153-154, 171-174, 231-234. 300 $aReproduction of the original in the Folger Shakespeare Library. 330 $aeebo-0055 606 $aPrayers$vEarly works to 1800 615 0$aPrayers 700 $aNorden$b John$f1548-1625?$01003211 801 0$bCu-RivES 801 1$bCu-RivES 801 2$bCStRLIN 801 2$bWaOLN 906 $aBOOK 912 $a996387431003316 996 $aA pensive mans practise$92339127 997 $aUNISA